Desinterés del cristiano (Record no. 56610)

MARC details
000 -LEADER
campo de control de longitud fija 00683nam a2200205 i 4500
001 - NÚMERO DE CONTROL
campo de control 56610
003 - IDENTIFICADOR DE NÚMERO DE CONTROL
campo de control ES-MaACL
005 - FECHA Y HORA DE LA ÚLTIMA TRANSACCIÓN
campo de control 20230906163418.0
007 - CAMPO FIJO DE DESCRIPCIÓN FÍSICA--INFORMACIÓN GENERAL
campo de control de longitud fija t|
008 - DATOS DE LONGITUD FIJA--INFORMACIÓN GENERAL
campo de control de longitud fija 031010s1964 sp ||||1| spa d
100 1# - ENTRADA PRINCIPAL--NOMBRE DE PERSONA
Nombre de persona Didier, Georges.
9 (RLIN) 44516
245 10 - MENCIÓN DEL TÍTULO
Título Desinterés del cristiano
Resto del título : la recompensa en la moral de San Pablo /
Mención de responsabilidad, etc. Georges Didier ; [traducido por Angel San Vicente Marañón].
260 ## - PUBLICACIÓN, DISTRIBUCIÓN, ETC.
Lugar de publicación, distribución, etc. [Bilbao] :
Nombre del editor, distribuidor, etc. Desclée de Brouwer,
Fecha de publicación, distribución, etc. 1964.
300 ## - DESCRIPCIÓN FÍSICA
Extensión 302 p. ;
Dimensiones 22 cm.
490 1# - MENCIÓN DE SERIE
Mención de serie Veritas et justitia
700 1# - ENTRADA AGREGADA--NOMBRE PERSONAL
Nombre de persona San Vicente Marañón, Angel.
9 (RLIN) 102315
830 0# - PUNTO DE ACCESO ADICIONAL DE SERIE-TÍTULO UNIFORME
Título uniforme Veritas et justitia
9 (RLIN) 182360
852 ## - LOCALIZACIÓN
Ubicación ES-MaACL
Número de control de estantería C-25234
Sublocalización o colección R.54072
Holdings
Estatus retirado Estado de pérdida Estado de daño No para préstamo Biblioteca de origen Biblioteca actual Ubicación en estantería Fecha de adquisición Fuente de adquisición Total de préstamos Signatura topográfica completa Código de barras Visto por última vez Precio de reemplazo Tipo de ítem Koha
        Biblioteca del Ateneo de Madrid Biblioteca del Ateneo de Madrid Depósito 2 17/01/2008     C-25234 1059451 23/02/2023 23/02/2023 Libro impreso